Normal view
MARC view
- FEM FOR ENGINEERS.FINITE ELEMENT METHODS FOR ENGINEERS
Entry Topical Term
001 - CONTROL NUMBER
- control field: 68678
003 - CONTROL NUMBER IDENTIFIER
- control field: NUST
005 - DATE AND TIME OF LATEST TRANSACTION
- control field: 20210628204104.0
008 - FIXED-LENGTH DATA ELEMENTS
- fixed length control field: 210628|| aca||aabn | a|a d
040 ## - CATALOGING SOURCE
- Original cataloging agency: NUST
- Transcribing agency: NUST
150 ## - HEADING--TOPICAL TERM
- Topical term or geographic name entry element: FEM FOR ENGINEERS.FINITE ELEMENT METHODS FOR ENGINEERS
670 ## - SOURCE DATA FOUND
- Source citation: Work cat.: (NUST): Dixit, U.S 68677, Finite element methods for engineers, 2009
